|
|
|
|
| LEADER |
00960cam a2200253 7i4500 |
| 001 |
0000057509 |
| 005 |
20210628090000.0 |
| 020 |
|
|
|a 9781412962230 (hardback)
|
| 090 |
0 |
0 |
|a P93.5
|b .A33 2020
|
| 100 |
1 |
|
|a Aiello, Giorgia
|
| 245 |
1 |
0 |
|a Visual communication :
|b understanding images in media culture
|c Giorgia Aiello & Katy Parry.
|
| 264 |
|
|
|a London:
|b SAGE Publications,
|c 2020.
|
| 300 |
|
|
|a xii, 295 pages:
|b colour illustrations;
|c 25 cm.
|
| 336 |
|
|
|a text
|2 rdacontent
|
| 337 |
|
|
|a unmediated
|2 rdamedia
|
| 338 |
|
|
|a volume
|2 rdacarrier
|
| 650 |
|
0 |
|a Mass media and culture
|
| 650 |
|
0 |
|a Visual communication
|
| 997 |
|
|
|a Communication, Visual Art & Computing, Faculty
|b Visual Art, Department
|
| 998 |
|
|
|a Arts Creative Photography Technology, Degree
|
| 998 |
|
|
|a Photographic Technology, Diploma
|
| 998 |
|
|
|a Digital Graphic Design, Degree
|
| 998 |
|
|
|a Digital Graphic Design, Diploma
|
| 999 |
|
|
|a 0000069595
|b BOK
|c OPEN SHELF
|e 1st Floor, Bestari Jaya
|